MARC details
| 000 -CABECERA |
| campo de control de longitud fija |
01272nam a2200301 a 4500 |
| 001 - NÚMERO DE CONTROL |
| campo de control |
000028660 |
| 005 - FECHA Y HORA DE LA ÚLTIMA TRANSACCIÓN |
| campo de control |
20210824113541.0 |
| 008 - DATOS DE LONGITUD FIJA--INFORMACIÓN GENERAL |
| campo de control de longitud fija |
110411s2010 dr abc r 000 0 spa d |
| 020 ## - NÚMERO INTERNACIONAL ESTÁNDAR DEL LIBRO |
| ISBN cancelado o inválido |
9789945443585 |
| 040 ## - FUENTE DE LA CATALOGACIÓN |
| Centro catalogador/agencia de origen |
DO-SdBNP |
| Lengua de catalogación |
spa |
| Centro/agencia transcriptor |
BNPHU |
| 082 ## - NÚMERO DE LA CLASIFICACIÓN DECIMAL DEWEY |
| Número de clasificación |
724.1 |
| Número de documento/Ítem |
C117m |
| 100 1# - ENTRADA PRINCIPAL--NOMBRE DE PERSONA |
| Nombre de persona |
Cabral de Poladura, Atala |
| 9 (RLIN) |
24619 |
| 245 10 - MENCIÓN DE TÍTULO |
| Título |
Museo de las Casas Reales : |
| Resto del título |
apuntes de un recorrido 1976-1988 / |
| Mención de responsabilidad, etc. |
Atala Cabral de Poladura ; compilación de textos Nieves Marías Mateo Gálvez. |
| 260 ## - PUBLICACIÓN, DISTRIBUCIÓN, ETC. |
| Lugar de publicación, distribución, etc. |
Santo Domingo : |
| Nombre del editor, distribuidor, etc. |
Banco Central de la República Dominicna, |
| Fecha de publicación, distribución, etc. |
2010. |
| 300 ## - DESCRIPCIÓN FÍSICA |
| Extensión |
181 p. : |
| Otras características físicas |
il. mapas, retrs. ; |
| Dimensiones |
23 cm. |
| 490 1# - MENCIÓN DE SERIE |
| Mención de serie |
Banco Central de la República Dominicana |
| Designación de volumen o secuencia |
156 |
| 490 1# - MENCIÓN DE SERIE |
| Mención de serie |
Ciencias Sociales |
| Designación de volumen o secuencia |
23 |
| 500 ## - NOTA GENERAL |
| Nota general |
Incluye índice onomástico |
| 590 ## - NOTA LOCAL (RLIN) |
| Nota local |
Inventariado, 2018/BT |
| 610 14 - PUNTO DE ACCESO ADICIONAL DE MATERIA--NOMBRE DE ENTIDAD CORPORATIVA |
| Nombre de entidad corporativa o nombre de jurisdicción como elemento de entrada |
MUSEO DE LAS CASAS REALES |
| Subdivisión general |
DESCRIPCIONES |
| 9 (RLIN) |
46118 |
| 650 #4 - PUNTO DE ACCESO ADICIONAL DE MATERIA--TÉRMINO DE MATERIA |
| Término de materia o nombre geográfico como elemento de entrada |
Colecciones museográficas |
| 9 (RLIN) |
46119 |
| 650 #0 - PUNTO DE ACCESO ADICIONAL DE MATERIA--TÉRMINO DE MATERIA |
| Término de materia o nombre geográfico como elemento de entrada |
Monumentos históricos |
| Subdivisión geográfica |
República Dominicana |
| 9 (RLIN) |
55626 |
| 651 #4 - PUNTO DE ACCESO ADICIONAL DE MATERIA--NOMBRE GEOGRÁFICO |
| Nombre geográfico |
Santo Domingo (República Dominicana{Rpara} |
| Subdivisión general |
Museos |
| 9 (RLIN) |
46120 |
| 700 1# - PUNTO DE ACCESO ADICIONAL--NOMBRE DE PERSONA |
| Nombre de persona |
Mateo Gálvez, Nieves Marías |
| Término indicativo de función/relación |
comp. |
| 9 (RLIN) |
55627 |
| 830 #0 - PUNTO DE ACCESO ADICIONAL DE SERIE-TÍTULO UNIFORME |
| Título uniforme |
Banco Central de la República Dominicna |
| Designación de volumen o secuencia |
156 |
| 9 (RLIN) |
55628 |
| 830 #0 - PUNTO DE ACCESO ADICIONAL DE SERIE-TÍTULO UNIFORME |
| Título uniforme |
Ciencias Sociales |
| Designación de volumen o secuencia |
23 |
| 9 (RLIN) |
13247 |
| 910 ## - DATOS DE OPCIÓN DEL USUARIO (OCLC) |
| Datos de opción del usuario |
Validado. Control de calidad. MMOLINA |